|
|
|
|
| LEADER |
01625nam a2200445 i 4500 |
| 001 |
001694210 |
| 003 |
CZ BrMZK |
| 005 |
20191021121648.0 |
| 007 |
ta |
| 008 |
190715s2019 xxkach f d 000 0deng |
| 020 |
|
|
|a 978-1-78327-337-9
|q (vázáno)
|
| 040 |
|
|
|a BOA001
|b cze
|e rda
|
| 043 |
|
|
|a e-xr---
|
| 045 |
|
|
|a w-x-
|
| 072 |
|
7 |
|a 78.07
|x Hudebníci, skladatelé a jiná hudební povolání
|2 Konspekt
|9 9
|
| 080 |
|
|
|a 78.071.1
|2 MRF
|
| 080 |
|
|
|a 78
|2 MRF
|
| 080 |
|
|
|a (437.3)
|2 MRF
|
| 080 |
|
|
|a (031)
|2 MRF
|
| 100 |
1 |
|
|a Simeone, Nigel,
|d 1956-
|7 jn20000605032
|4 aut
|
| 245 |
1 |
4 |
|a The Janáček compendium /
|c Nigel Simeone
|
| 250 |
|
|
|a First published
|
| 264 |
|
1 |
|a Woodbridge :
|b Boydell Press,
|c 2019
|
| 300 |
|
|
|a xvi, 284 stran :
|b ilustrace, portréty, faksimile ;
|c 24 cm
|
| 336 |
|
|
|a text
|b txt
|2 rdacontent
|
| 337 |
|
|
|a bez média
|b n
|2 rdamedia
|
| 338 |
|
|
|a svazek
|b nc
|2 rdacarrier
|
| 490 |
1 |
|
|a Boydell composer compendium series
|
| 504 |
|
|
|a Obsahuje bibliografii
|
| 600 |
1 |
7 |
|a Janáček, Leoš,
|d 1854-1928
|7 jk01050745
|2 czenas
|
| 648 |
|
7 |
|a 19.-20. století
|7 ch757015
|2 czenas
|
| 650 |
0 |
7 |
|a hudební skladatelé
|z Česko
|y 19.-20. století
|7 ph120923
|2 czenas
|
| 650 |
0 |
7 |
|a hudební skladatelé
|x přátelé a spolupracovníci
|y 19.-20. století
|7 ph120923
|2 czenas
|
| 650 |
0 |
7 |
|a hudba
|z Česko
|y 19.-20. století
|7 ph114719
|2 czenas
|
| 655 |
|
7 |
|a slovníky
|7 fd133454
|2 czenas
|
| 830 |
|
0 |
|a Boydell composer compendium series
|
| 910 |
|
|
|a BOA001
|b 2-1431.335
|
| 990 |
|
|
|a BK
|
| 991 |
|
|
|b 201910
|c NOV
|
| 996 |
6 |
|
|b 2610789120
|c 2-1431.335
|l MZK
|r HSS 4p
|n 0
|p kupz
|h 78.07 SIM
|w 001735508
|u 000010
|a 0
|e BOA001
|j MZK50
|s P
|